Flags of Countries but it's their British Flag - Statistics

General Stats
  • This quiz has been taken 15 times
  • The average score is 23 of 56
Answer Stats
Picture Answer % Correct
Bahrain
100%
South Africa
100%
Brunei
92%
Qatar
92%
New Zealand
85%
United States
85%
Canada
77%
Ireland
77%
Jordan
77%
Australia
69%
Egypt
62%
Ghana
62%
Israel
62%
India
54%
Sudan
54%
Vanuatu
54%
Iraq
46%
Kiribati
46%
Malta
46%
Myanmar
46%
Nigeria
46%
Tonga
46%
Cyprus
38%
Fiji
38%
Gambia
38%
Zambia
38%
Bahamas
31%
Barbados
31%
Botswana
31%
Grenada
31%
Jamaica
31%
Kuwait
31%
Malawi
31%
Maldives
31%
Mauritius
31%
Tanzania
31%
Tuvalu
31%
United Arab Emirates
31%
Dominica
23%
Kenya
23%
Lesotho
23%
Sierra Leone
23%
Solomon Islands
23%
Uganda
23%
Belize
15%
Eswatini
15%
Malaysia
15%
St Kitts and Nevis
15%
St Lucia
15%
St Vincent and the Grenadines
15%
Yemen
15%
Zimbabwe
15%
Antigua and Barbuda
8%
Guyana
8%
Seychelles
8%
Trinidad and Tobago
8%
No matching quizzes found
Score Distribution
Percent of People with Each Score
Percentile by Number Answered
Your Score History
You have not taken this quiz